Faust (Part One)

Wedi'i Gadw mewn:
Manylion Llyfryddiaeth
Prif Awdur: Goethe, Johann Wolfgang
Fformat: Llyfr
Iaith:Undetermined
Cyhoeddwyd: Londres, Inglaterra Penguin Books 1975
Pynciau:
Tagiau: Ychwanegu Tag
Dim Tagiau, Byddwch y cyntaf i dagio'r cofnod hwn!

MARC

LEADER 00000nam a2200000Ia 4500
008 170316s9999 xx 000 0 und d
040 |a cru BVZT 
090 |a 830 G-4f v.1 
100 |a Goethe, Johann Wolfgang 
245 |a Faust (Part One) 
260 |a Londres, Inglaterra 
260 |b Penguin Books 
260 |c 1975 
300 |a 197 páginas 
650 |a LITERATURA ALEMANA 
999 |c 7318  |d 7318 
942 |c 15 D  |h 830 G-4f v.1  |2 z